| 000 | 01308nas a2200277 i 4500 | ||
|---|---|---|---|
| 001 | 255427 | ||
| 005 | 20260630161553.0 | ||
| 007 | ta | ||
| 008 | 890206e1989 dr mn|p|r||||||0| | spa d | ||
| 040 |
_aDO-SdBNP _bspa _cBNPHU _erda |
||
| 041 | _hspa | ||
| 245 |
_aTambor : _bmensuario literario y de interés general. |
||
| 260 | _b | ||
| 264 |
_aSanto Domingo, República Dominicana : _bImprenta Industria del Sobre, _c1989. |
||
| 300 |
_avolumen _bilustraciones, cuadros, fotografías, mapas ; _c21.5 cm. |
||
| 310 | _aMensual. | ||
| 336 |
_atexto _btxt _2rdacontent |
||
| 337 |
_asin mediación _bn _2rdamedia |
||
| 338 |
_avolumen _bnc _2rdacarrier |
||
| 362 | _aAño 1. No. 1, enero 1989. | ||
| 500 | _aCatalogación basada en el: Año 1. No. 1, enero 1989. | ||
| 500 | _aTambor en el primer número era mensuario literario y a partir del número 4 como revista literaria. | ||
| 520 | _aTambor: es una revista más en la historia de la hemerografía nacional. Pretendemos, eso sí, que con la ayuda de Dios y de tods, su vida, la vida de Tambor como revista literaria y de interés general, vaya más allá de lo que vayan las vidas de quienes, con la inquietud de pretendidos buenos dominicanos, hoy le insuflan alientos de vida. | ||
| 650 | 7 |
_aLiteratura _92834 |
|
| 942 |
_2ddc _cISSUE |
||
| 999 |
_c60978 _d60978 |
||